000 01393nam a22002537a 4500
003 UA-OsUOA
001 65042
007 ta
008 20091112b un ||||| |||| 00| 0 ukr d
100 _aКовальчук О.Г.
090 _a82.09(477)
_bК56
942 _cBK
040 _aUA-OsUOA
_bukr
_cUA-OsUOA
_dUA-OsUOA
245 _aГоголь: буття і страх
_bМонографія
300 _a126 с.
955 _a2
041 _aukr
080 _a82.09(477)
520 3 _aПоряд із сміховою культурою у мистецтві динамічно розвивається культура, базовим началом якої є страх. У творчості М.Гоголя обидві складові заявлені дуже виразно. Та протягом тривалого часу в полі зору дослідників знаходилися передусім явища сміхової
520 3 _aкультури. У даній роботі наголос зроблено на дослідженні тих явищ, які грунтуються на страхові: головна проективна площина - буття і страх.
260 _aНіжин
_bНДУ ім. М.Гоголя
_c2009
650 7 _a82 Література. Літературознавство
_2UDC
999 _c351151
_d351151